1382 1999 1662 1357 1657 1960 1844 1114 1053 1250 1330 1409 1925 1925 1913 1999 1836 1464 1015 1932 1798 1086 1853 1939 1520 1006 1587 1552 1091 1814 1623 1299 1809 1958 1584 1496 1780 1024 1783 1539 1151 1153 1961 1249 1182 1057 1876 1265 1119 1508 1111 1085 1588 1525 1072 1674 1610 1962 1533 1623 1274 1522 1036 1834 1009 1859 1347 1011 1054 1305 1601 1350 1806 1781 1523 1054 1084 1948 1363 1276 1122 1493 1079 1405 1041 1260 1689 1852 1923 1834 1036 1242 1465 1242 1971 1200 1654 1563 1197 BCNSPRNW ULIB Ver.6.0+V

เปลี่ยนเป็นภาษาไทย

Change to English
 แสดงรายละเอียดบรรณานุกรม
  กลับหน้าหลัก

Brief Record : Get Marc (ISO 2709) : E-mail record : QR code < ปิดหน้าต่าง
LEADER : 00000nam 2200000uu 4500
001    13399126493
003     ULIB
008    180921s2019||||th 000 0 tha d
020    ^a9781496379986
020    ^a1496379985
060 10 ^aWY157^bH638
130 0  ^aAWHONN’s high-risk and critical care intrapartum nursing.
245 10 ^aHigh-risk & critical care obstetrics / ^csenior editor, Nan H. Troiano ; editors, Patricia M. Witcher, Suzanne McMurtry Baird.
246 1  ^aHigh-risk and critical care obstetrics
250    ^aFourth edition.
260  1 ^aPhiladelphia : ^bWolters Kluwer, ^c[2019]
300    ^axvii, 426 pages : ^billustrations
504    ^aIncludes bibliographical references and index.
505 0  ^aMaternal morbidity and mortality / Patricia M. Witcher and Michael Lindsey -- Improving maternal outcomes / Patricia M. Witcher, Cynthia Chazott, and Bonnie Flood Chez -- Critical care obstetric capabilities : development strategies / Suzanne Mcmurtry Baird and Stephanie Martin -- Invasive hemodynamic and oxygen transport monitoring during pregnancy / Nan H. Troiano And Sreedhar Gaddipati -- Mechanical ventilation during pregnancy / Nan H. Troiano and Thomas M. Jenkins -- Pharmacologic agents / Suzanne Mcmurtry Baird, Stephen D. Krau, and Michael A. Belfort -- Hypertension in pregnancy / Carol J. Harvey and Baha M. Sibai -- Cardiac disorders in pregnancy / Sreedhar Gaddipati and Nan H. Troiano -- Pulmonary disorders in pregnancy / Brian A. Mason and Karen Dorman -- Diabetic ketoacidosis and continuous insulin infusion management in pregnancy / Maribeth Inturrisi, Nancy C. Lintner, and Kimberlee Sorem -- Anesthesia emergencies in the obstetric setting / Patricia M. Witcher and Keith Mclendon -- Induction of labor / Washington C. Hill and Carol J. Harvey -- Acute renal failure /Betsy B. Kennedy, Carol J. Harvey, and George R. Saade -- Cardiopulmonary resuscitation in pregnancy / Deborah Anne Cruz, Patricia Marie Constanty, and Shailen S. Shah -- Obstetric hemorrhage / Carol J. Harvey and Gary A. Dildy -- Disseminated intravascular coagulation in pregnancy / Melissa C. Sisson and Marcy M. Mann -- Venous thromboembolism in pregnancy / Patricia M. Witcher and Lewis Hamner -- Sepsis in pregnancy / Julie M. R. Arafeh and Bonnie K. Dwyer -- Amniotic fluid embolus (anaphylactoid syndrome of pregnancy) / Renee’ Jones and Steven L. Clark -- Perinatal infection / Patrick Duff -- Trauma in pregnancy / Donna Ruth and Richard S. Miller -- Maternal obesity : effects on pregnancy / Amy H. Picklesimer and Karen Dorman.
650 12 ^aObstetric Nursing ^xmethods ^0 https://id.nlm.nih.gov/mesh/D009773Q000379
650 22 ^aCritical Care Nursing ^xmethods ^0 https://id.nlm.nih.gov/mesh/D064648Q000379
650 22 ^aDelivery, Obstetric ^xnursing ^0 https://id.nlm.nih.gov/mesh/D036861Q000451
650 22 ^aObstetric Labor Complications ^xnursing ^0 https://id.nlm.nih.gov/mesh/D007744Q000451
650 22 ^aPregnancy Complications ^xnursing ^0 https://id.nlm.nih.gov/mesh/D011248Q000451
650 22 ^aPregnancy, High-Risk ^0 https://id.nlm.nih.gov/mesh/D018566
700 1  ^aTroiano, Nan H., ^eeditor.
700 1  ^aWitcher, Patricia M., ^eeditor.
700 1  ^aBaird, Suzanne McMurtry, ^eeditor.
710 2  ^aAssociation of Women’s Health, Obstetric, and Neonatal Nurses, ^eissuing body.
945    ^p2193^l0^i004666
999    ^aประนอม เกษจรัล
รายการนี้ยังไม่มีแท็ก
คุณยังไม่ได้ล็อกอิน คุณสามารถมีกิจกรรมร่วมกับเว็บไซต์ได้ แต่ต้องล็อกอินก่อน ::
  ล็อกอิน

รายการสื่อสารสนเทศ

ลำดับที่ ประเภท เลขเรียก/บาร์โค้ด สถานที่ สถานะ
1. Book การพยาบาล
หนังสือสำรอง
สถานะ=หนังสือสำรอง
WY157 H638 ฉ.1 
  Barcode: 004666
ห้องสมุดวิทยาเขตสวรรค์ประชารักษ์
►หนังสือทั่วไป
บนชั้น

BibComment


ยังไม่เคยถูกคอมเมนท์

คอมเมนท์ทรัพยากรรายการนี้
  คอมเมนท์: Highrisk critic..


 Copyright 2026. Bcnsprnw @Library